Miniszteri védnökség alatt adtak át díjat a Szegedi Tudományegyetem földrajzos oktatói
Elmentve itt :
| Dokumentumtípus: | Cikk |
|---|---|
| Megjelent: |
2023-06-15
|
| Sorozat: | SZTE Info
|
| Kulcsszavak: | Pályázat - Településfejlesztési Díj, Zsűritag - Boros Lajos - egyetemi docens, Zsűritag - Nagy Gyula - egyetemi adjunktus, Gazdaság- és Társadalomföldrajz Tanszék, Földrajzi és a Földtudományi Intézet, Természettudományi és Informatikai Kar - TTIK, Településfejlesztési Szövetség, Navracsics Tibor - területfejlesztési miniszter, Gombos Márk - településrendezésért és építéshatósági ügyekért felelős helyettes államtitkár |
| Online Access: | http://univ.bibl.u-szeged.hu/66671 |
| LEADER | 01178nab a2200157 i 4500 | ||
|---|---|---|---|
| 001 | univ66671 | ||
| 005 | 20230616164026.0 | ||
| 008 | 230616s2023 hu o 0|| hun d | ||
| 040 | |a SZTE UnivHistória Repozitórium |b hun | ||
| 041 | |a hun | ||
| 245 | 0 | 0 | |a Miniszteri védnökség alatt adtak át díjat a Szegedi Tudományegyetem földrajzos oktatói |h [elektronikus dokumentum] |
| 260 | |c 2023-06-15 | ||
| 490 | 0 | |a SZTE Info | |
| 561 | |a Egyetemi hirarchívum | ||
| 695 | |a Pályázat - Településfejlesztési Díj, Zsűritag - Boros Lajos - egyetemi docens, Zsűritag - Nagy Gyula - egyetemi adjunktus, Gazdaság- és Társadalomföldrajz Tanszék, Földrajzi és a Földtudományi Intézet, Természettudományi és Informatikai Kar - TTIK, Településfejlesztési Szövetség, Navracsics Tibor - területfejlesztési miniszter, Gombos Márk - településrendezésért és építéshatósági ügyekért felelős helyettes államtitkár | ||
| 856 | 4 | 0 | |u http://univ.bibl.u-szeged.hu/66671/1/Szegedi%20Tudom%C3%A1nyegyetem%20_%20Miniszteri%20v%C3%A9dn%C3%B6ks%C3%A9g%20alatt%20adtak%20%C3%A1t%20d%C3%ADjat%20a%20Szegedi%20Tudom%C3%A1nyegyetem%20f%C3%B6ldrajzos%20oktat%C3%B3i.pdf |z Dokumentum-elérés |